| 000 | 01246naa a22003137a 4500 | ||
|---|---|---|---|
| 001 | BR8200258 | ||
| 003 | BR-BrBNA | ||
| 005 | 20240918175108.0 | ||
| 007 | ta | ||
| 008 | 230509b bl.||||| |||| 00| 0 por d | ||
| 040 |
_aBR-BrBNA _bpor _cBiblioteca Nacional de Agricultura |
||
| 041 | _a(Pt) | ||
| 072 |
_aF70 _b1440 |
||
| 090 | _aF70 BR8200258 | ||
| 100 | 1 | _aFreire Filho, F.R. | |
| 100 | 1 | _aCardoso, M.J. | |
| 100 | 1 | _aAraujo, A.G. de | |
| 111 | 1 |
_a2. Seminario de Pesquisa Agropecuaria do Piaui _cTeresina, PI (Brazil) _d7 Oct 1980 |
|
| 245 | 1 | _aFeijao macassar (Vigna unguiculata (L.)Walp.): nomenclatura cientifica e nomes vulgares | |
| 246 | 1 | _a["Macassar bean" (Vigna unguiculata (L.)Walp): scientific nomenclature and vulgar names] | |
| 246 | 1 | _a[Annals of the 2. Farm Research Seminar of Piaui] | |
| 260 | 3 |
_aTeresina, PI (Brasil): _c1981. |
|
| 500 | _aAnais do 2. Seminario de Pesquisa Agropecuaria do Piaui Teresina, PI (Brasil): 1981. p. 61-66 (BR8200258-AM)F70 | ||
| 650 | _aTaxonomia vegetal | ||
| 650 | _aFeijao de corda | ||
| 773 | 0 |
_tAnais do 2. Seminario de Pesquisa Agropecuaria do Piaui _wF70 BR8200258 _gTeresina, PI (Brasil), 1981. p. 61-66 |
|
| 909 |
_a202404 _bLucia _c55 _dLucia Elande |
||
| 942 |
_cAM _2AGRIS |
||
| 999 |
_c315000 _d315000 |
||